| 000 | 00629nam a22001937a 4500 | ||
|---|---|---|---|
| 003 | NUST-PNEC | ||
| 005 | 20170116180707.0 | ||
| 008 | 140927b xxu||||| |||| 00| 0 eng d | ||
| 022 | _aB000NDQOCM | ||
| 040 | _cPNEC | ||
| 082 | _a621.3815 HEW | ||
| 100 |
_9386 _aHewlett, Packard |
||
| 245 |
_aTest & Measurement Catalog 1991 _cHawlett Packard |
||
| 260 |
_aSanta Clara _bMarketing communication _c1990 |
||
| 300 |
_a760 p. : _bill. : _c28 cm. |
||
| 500 | _ahttp://www.amazon.com/Test-Measurement-Catalog-1991/dp/B000NDQOCM/ref=sr_1_1?s=books&ie=UTF8&qid=1411802181&sr=1-1&keywords=B000NDQOCM | ||
| 650 | _xEL | ||
| 942 |
_2ddc _cBK |
||
| 999 |
_c60772 _d60772 |
||